| 000 | 01450nam a2200361 c 4500 | ||
|---|---|---|---|
| 003 | BLK | ||
| 005 | 20180420213545.0 | ||
| 008 | 180412b bul|||||r ||||||| ||bul|| | ||
| 010 | _aKNG00003577000 | ||
| 020 |
_a954-420-168-8 _bиздат.: Медицина и физкултура |
||
| 040 | _aBLK | ||
| 041 |
_aBUL _cBUL |
||
| 080 |
_aПатология. Клинична медицина _b616 _x-053.2-07 _z616-053.2-07 |
||
| 100 | 1 |
_aАтанасов, Васил Симеонов _eпърви автор _9246014 |
|
| 700 | 1 |
_aМихов, Христо _eпод ред. на _9246015 |
|
| 139 |
_aСемиотика на детските болести _bС 32 |
||
| 245 | 1 | 0 |
_aСемиотика на детските болести _cВасил Симеонов Атанасов; под ред. на Христо Михов. |
| 250 | _a3. доп. изд. | ||
| 257 | _aBGR | ||
| 260 |
_аСофия _bМедицина и физкултура _c1994 _fПловдив : Полиграфия |
||
| 300 |
_a415 с. _bс табл., ил. _c22 см |
||
| 380 | _a61 | ||
| 500 | _a1. изд. 1984 ; 1 250 тир. | ||
| 650 | 4 |
_aДетски болести - диагностика _9246016 |
|
| 653 | _aсемиотика | ||
| 653 | _aдетски болести | ||
| 653 | _aпедиатрия | ||
| 852 | _aЦб 178073 | ||
| 856 | 4 |
_qpdf _u |
|
| 856 | 4 |
_qpdf _u |
|
| 942 |
_cKNG _n0 |
||
| 944 |
_aCR _c15.01.2003 _kГеновева_Генчева |
||
| 944 |
_aED _c17.06.2004 _k |
||
| 999 |
_c2581 _d2581 |
||